| 000 | 00846nas a2200253Ia 4500 | ||
|---|---|---|---|
| 001 | R109/44555 | ||
| 003 | IT-RoPAU | ||
| 008 | 151124c99999999xx |||||||||||| ||und|| | ||
| 040 | _aIT-RoPAU | ||
| 040 | _cIT-RoPAU | ||
| 041 | _aFRANCESE | ||
| 100 |
_aBogart Leo _gCodice Aut. SPICS: 9077 |
||
| 210 | _aCOMMUNICATIONS | ||
| 222 | _aCommunications | ||
| 245 |
_aCOMMUNICATIONS, N.14 (1969) _bControle Des Mass Media (Le) |
||
| 250 | _a1a ed. | ||
| 260 |
_aPARIS _bSEUIL _c1969 |
||
| 501 |
_bPaulus - SPICS - Società San Paolo EM (non-commercial uses only) _cCopyright2015 |
||
| 300 | _a11 p. [100-110] | ||
| 362 | _aN.14 (1969) | ||
| 500 | _aControllo-Dei-Mass-Media Concorrenza-Nei-Media Cultura-Superiore-E-Cultura-Di-Massa Censura-Norme-E-Statuto-Professionale | ||
| 650 |
_aCOMUNICAZIONE _vPUBBLICAZIONE PERIODICA |
||
| 942 | _cCR | ||
| 999 |
_c196079 _d196079 |
||